Física simplificada
Guardat en:
| Autor principal: | |
|---|---|
| Format: | Llibre |
| Idioma: | espanyol |
| Publicat: |
Ciudad de México
Compañía General de Ediciones
1963
Ciudad de México CRAT 1963 |
| Matèries: | |
| Etiquetes: |
Afegir etiqueta
Sense etiquetes, Sigues el primer a etiquetar aquest registre!
|
MARC
| LEADER | 00000nam a2200000 a 4500 | ||
|---|---|---|---|
| 001 | UCT1051 | ||
| 003 | CL-VaPUC | ||
| 008 | 960913e19630000mx |||||||||||||||||spa|d | ||
| 082 | 0 | 4 | |a 530 |b FRE |2 21 |
| 100 | 0 | |a Freeman, Ira M |e author |9 369742 | |
| 245 | 1 | 0 | |a Física simplificada |
| 300 | |a 118 p | ||
| 942 | |c BK | ||
| 945 | |d 19960913 00:00:00 |a paguirre | ||
| 260 | |a Ciudad de México |b Compañía General de Ediciones |c 1963 | ||
| 260 | |a Ciudad de México |b CRAT |c 1963 | ||
| 650 | 0 | |a Física |9 227844 | |
| 650 | 0 | |a Materia |9 265041 | |
| 650 | 0 | |a Energía |9 259431 | |
| 650 | 0 | |a Movimiento |9 322237 | |
| 650 | 7 | |a FUERZAS |2 CL-VaPUC |9 360776 | |
| 650 | 0 | |a Calor específico |9 259409 | |
| 650 | 0 | |a Ondas sonoras |9 322250 | |
| 650 | 0 | |a Luz natural |9 369743 | |
| 650 | 7 | |a ENERGIA LUMINOSA |2 CL-VaPUC |9 369744 | |
| 650 | 0 | |a Electricidad |9 260222 | |
| 583 | |a last modification |c 20171005 03:13:24 |k Rodrigo Vera | ||
| 999 | |c 251720 |d 251718 | ||